| 000 | 00775nam a2200265Ia 4500 | ||
|---|---|---|---|
| 001 | 18586 | ||
| 003 | GE_BSU | ||
| 008 | 181216s||||||||xx |||||||||||||| ||und|| | ||
| 020 | _a3823361287 | ||
| 040 | _cGE_BSU | ||
| 080 | _a811.112 | ||
| 100 | _aRomer Christine,Brigitte Matzke. | ||
| 245 | _aLexikologie des Deutschen:Eine Einfuhrung | ||
| 245 | _bnarr studienbucher | ||
| 250 | _aakualisierte und erganzte auflage | ||
| 260 | _aTubingen | ||
| 260 | _bVerlag Gunter Narr | ||
| 260 | _c2005 | ||
| 300 | _a236p, tab,23cm. | ||
| 541 | _h12G. | ||
| 653 | _aLexikologie des Deutschen:Eine Einfuhrung | ||
| 653 | _aგერმანული გრამატიკა | ||
| 653 | _aლექსიკოლოგია გერმანული | ||
| 942 | _cBK | ||
| 999 |
_c51595 _d51595 |
||